00517nam a2200193 a 4500001001300000003000900013005001700022008004100039020002300080082002100103100001600124245004000140260005000180300000900230500003500239505001000274650002300284700001600307nice12345678IN_TiNIC20260116013111.0070906s1990 cama grp 000 0 eng  a0521397006 c10000a322.109581bROY1 aRoy, Oliver aIslam and Resistance in Afghanistan aCambridge bCambridge University Press c1990 a270p aincludes index and biblioraphy2 aindex aIslam and Politics1 aRoy, Oliver